000 00242 a2200109 4500
090 _c5613
_d5613
100 _aHamid Ali
245 _aComibined set of Treasury Rules
260 _aKarachi
300 _a254
942 _aNBS
_cREF
_k348.95491 ALI
999 _c348017
_d348017